[Event "Robert Silk Young Masters"]
[Site "London Barbican"]
[Date "1982.07.13"]
[Round "1"]
[White "Conquest, Stuart"]
[Black "Rogulj, Branko"]
[Result "0-1"]
[WhiteElo "2275"]
[BlackElo "2400"]
[Annotator "Reuben, Stewart"]
[PlyCount "164"]
[EventDate "1982.07.13"]
[EventType "tourn"]
[EventRounds "9"]
[EventCountry "ENG"]
[EventCategory "5"]

{Branko Rogulj showed great determination in this game. He flew in from Zagreb
today and had to start late. he then played about 7 hours non-stop. Perhaps
Stuart made a mistake here and should have demanded his entitled adjournment.
Certainly he looked very tired at the end, and I remember grinding him down in
a similar manner in a weekend Swisss, albeit about 4 years ago!} 1. d4 Nf6 2.
c4 c5 3. d5 e6 4. Nc3 exd5 5. cxd5 d6 6. e4 g6 7. f4 Bg7 8. Bb5+ Nfd7 9. Bd3
O-O 10. Nf3 Nf6 11. O-O Bg4 12. Be3 Nbd7 13. h3 Bxf3 14. Qxf3 a6 15. a4 Ne8 16.
Bf2 Rb8 17. Rab1 Nc7 18. a5 b5 19. axb6 Rxb6 20. Qg4 Nf6 21. Qd1 Nd7 22. Qd2
Qe7 23. Rfe1 Rfb8 24. Bg3 Bd4+ 25. Bf2 Qh4 26. Bxd4 cxd4 27. Ne2 Nc5 28. Nxd4
Nxd3 29. Qxd3 Qxf4 30. Rf1 Qg5 31. b3 Nb5 32. Nc6 Re8 33. Rbe1 Rb7 34. Re2 Rc7
35. Ref2 Na7 36. Nxa7 Rxa7 37. Qd4 Rae7 38. Rf4 a5 39. h4 Qe5 40. Qxe5 dxe5 41.
R4f3 Rb8 42. Ra1 Rb4 43. Rxa5 Rxe4 44. h5 Kg7 45. hxg6 hxg6 46. Rd3 Rd7 47. Kf2
Rd6 48. Rc5 Rf4+ 49. Ke2 e4 50. Rd2 Kf6 51. Ke3 g5 52. Kd4 e3+ 53. Kxe3 Ke5 54.
Rc4 Rb6 55. Rxf4 Rxb3+ 56. Ke2 Kxf4 57. d6 Rb8 58. Kd3 Ke5 59. Kc4 Ke6 60. Kc5
Rc8+ 61. Kb5 Kd7 62. g4 Rc6 63. Rf2 Rxd6 64. Rxf7+ Ke6 65. Rg7 Kf6 66. Kc5 Ra6
67. Rd7 Ke5 68. Rd5+ Kf4 69. Rd4+ Ke3 70. Rb4 Rf6 71. Kd5 Rf4 72. Rb3+ Kf2 73.
Ke5 Kg2 74. Ra3 Kh2 75. Rb3 Rxg4 76. Kf5 Rg1 77. Rb2+ Kh3 78. Rb3+ Kh4 79. Rf3
g4 80. Rf4 Kh3 81. Kg5 Ra1 82. Rb4 g3 0-1

[Event "Robert Silk Young Masters"]
[Site "London Barbican"]
[Date "1982.07.13"]
[Round "1"]
[White "Cox, John J"]
[Black "Davies, Nigel Rodney"]
[Result "1-0"]
[WhiteElo "2300"]
[BlackElo "2410"]
[Annotator "Reuben, Stewart"]
[PlyCount "79"]
[EventDate "1982.07.13"]
[EventType "tourn"]
[EventRounds "9"]
[EventCountry "ENG"]
[EventCategory "5"]

{John already stood worse when he blundered a piece with 28 Ng5. Then Nigel
made the classic blunder of blitzing his opponent, while in time-trouble. So
much so that he made about 4 moves consecutively, without writing down the
score - which incidentally, is against the rules. 32...Nxf4 seems to have been
Black's best chance of winning. After that opportunity passed, he could do
nothing right and Blak seemed to lose any sense of danger. 40...Nf5 may have
held.} 1. c4 g6 2. Nc3 Bg7 3. g3 c5 4. Bg2 Nc6 5. e3 Nh6 6. Nge2 Nf5 7. b3 b6
8. Bb2 Bb7 9. Qb1 O-O 10. O-O e6 11. Nf4 Na5 12. Bxb7 Nxb7 13. Nce2 Na5 14.
Bxg7 Kxg7 15. d4 Qf6 16. dxc5 bxc5 17. Qc2 Nc6 18. Nc3 Nb4 19. Qd2 Rfd8 20. Ne4
Qe5 21. Qc3 Qxc3 22. Nxc3 g5 23. Nh5+ Kg6 24. g4 d5 25. e4 dxe4 26. Nxe4 Nd4
27. f4 f5 28. Nxg5 h6 29. Nxe6 Nxe6 30. gxf5+ Kxf5 31. Ng3+ Kg4 32. Rae1 Nd4
33. Re7 Rg8 34. Ne4 Nd3 35. Kh1 Kh4 36. f5 Rae8 37. f6 Rxe7 38. fxe7 Re8 39.
Rf7 Nc6 40. Nd6 1-0

[Event "Robert Silk Young Masters"]
[Site "London Barbican"]
[Date "1982.07.13"]
[Round "1"]
[White "Hebden, Mark L"]
[Black "Watson, William N"]
[Result "1/2-1/2"]
[WhiteElo "2415"]
[BlackElo "2370"]
[Annotator "Reuben, Stewart"]
[PlyCount "113"]
[EventDate "1982.07.13"]
[EventType "tourn"]
[EventRounds "9"]
[EventCountry "ENG"]
[EventCategory "5"]

{Again Black made much of the running. An exciting game, but perhaps Mark
should have gone really swash-buckling with 14 h4. 27 Be3 would have been much
better than Re5 and White eventually changed those moves around at some cost
in time. Willie felt that life was unfair, in that he won a pawn, played quite
accurately, but never seemed to be winning. 38 b3 would have been a spirited
winning try.} 1. e4 c5 2. f4 g6 3. Nf3 Bg7 4. Nc3 Nc6 5. Bb5 Nd4 6. a4 e6 7. e5
a6 8. Bc4 d5 9. exd6 Qxd6 10. d3 Ne7 11. Ne4 Qc7 12. c3 Nxf3+ 13. Qxf3 O-O 14.
Qf2 b6 15. O-O Bb7 16. Qh4 Nf5 17. Nf6+ Bxf6 18. Qxf6 Qc6 19. Rf2 Rad8 20. Bd2
b5 21. axb5 axb5 22. Bb3 c4 23. Bc2 cxd3 24. Bb3 Nd6 25. Re1 Nc4 26. Bxc4 bxc4
27. Re5 Ra8 28. Re1 Ra5 29. Be3 Rf5 30. Qh4 f6 31. Ra1 e5 32. fxe5 fxe5 33. Rd2
Qd5 34. h3 Qf7 35. Kh2 Ra8 36. Rxa8+ Bxa8 37. Bh6 Kh8 38. Qd8+ Qg8 39. Qe7 Qf7
40. Qd8+ Qg8 41. Qc7 Qf7 42. Qd6 Qe8 43. Qc7 Qf7 44. Qb8+ Qg8 45. Qb6 Bd5 46.
Rf2 Rxf2 47. Qxf2 Qd8 48. Qa7 Qf6 49. Qb8+ Bg8 50. Be3 Kg7 51. Kg1 h6 52. Qc7+
Bf7 53. h4 Qf5 54. Qd8 Bg8 55. Qe7+ Bf7 56. Qd8 Bg8 57. Qe7+ 1/2-1/2

[Event "Robert Silk Young Masters"]
[Site "London Barbican"]
[Date "1982.07.13"]
[Round "1"]
[White "Motwani, Paul"]
[Black "Taulbut, Shaun M"]
[Result "1/2-1/2"]
[WhiteElo "2255"]
[BlackElo "2465"]
[Annotator "Reuben, Stewart"]
[PlyCount "81"]
[EventDate "1982.07.13"]
[EventType "tourn"]
[EventRounds "9"]
[EventCountry "ENG"]
[EventCategory "5"]

{Paul Motwani has done little in chess since winning the World u-17
Championship, because he has been concentrating on his studies. His claim to
have once played in England, in Newcastle, was quickly rejected. Here he had
slightly the worse of it and was in terrible time-trouble, but Shaun was
unable to clinch a win. Perhaps 35...a4 was the moment of truth.} 1. d4 Nf6 2.
c4 e6 3. Nf3 Bb4+ 4. Nbd2 c5 5. a3 Bxd2+ 6. Bxd2 b6 7. Bf4 d5 8. e3 O-O 9. dxc5
bxc5 10. Be2 Ba6 11. O-O Qb6 12. Qc2 Nbd7 13. Rfd1 Rfd8 14. cxd5 Bxe2 15. Qxe2
exd5 16. Ne5 Nf8 17. Bg5 Re8 18. Nf3 Rab8 19. Rac1 Ne4 20. Bf4 Rbd8 21. Ng5 Ng6
22. Nxe4 Nxf4 23. exf4 Rxe4 24. Qf3 Rde8 25. g3 Qc6 26. h4 h6 27. Kh2 c4 28. b3
Qb5 29. bxc4 dxc4 30. Rc2 a5 31. Rdc1 Rd4 32. Rd1 Rd3 33. Rxd3 cxd3 34. Rd2 Rd8
35. Qe4 Qc5 36. a4 Qb4 37. Qe3 Qxa4 38. Rxd3 Re8 39. Qd2 Qb4 40. Qxb4 axb4 41.
Kg2 1/2-1/2

[Event "Robert Silk Young Masters"]
[Site "London Barbican"]
[Date "1982.07.17"]
[Round "1"]
[White "Norris, Alan J"]
[Black "Tisdall, Jonathan D"]
[Result "1/2-1/2"]
[WhiteElo "2280"]
[BlackElo "2435"]
[Annotator "Reuben, Stewart"]
[PlyCount "45"]
[EventDate "1982.07.13"]
[EventType "tourn"]
[EventRounds "9"]
[EventCountry "ENG"]
[EventCategory "5"]

{This game was postponed and played after round 4. As so often happens in
these games, it fizzled out to a draw just when it became interesting. But not
for the usual reasons apparently. Norris was short of time and had just
obtained the better game when he offered a draw.} 1. d4 Nf6 2. c4 e6 3. Nf3 b6
4. a3 c5 5. d5 exd5 6. cxd5 d6 7. Nc3 g6 8. g3 Bg7 9. Bg2 O-O 10. O-O Re8 11.
Re1 a6 12. e4 Ra7 13. Bd2 Rae7 14. Qc2 b5 15. Rac1 b4 16. axb4 cxb4 17. Na4 a5
18. Bg5 h6 19. Bxf6 Bxf6 20. Nd2 Bd7 21. Nc4 Bb5 22. Bf1 Rc7 23. Qd1 1/2-1/2

[Event "Robert Silk Young Masters"]
[Site "London Barbican"]
[Date "1982.07.14"]
[Round "2"]
[White "Davies, Nigel Rodney"]
[Black "Motwani, Paul"]
[Result "1-0"]
[WhiteElo "2410"]
[BlackElo "2255"]
[Annotator "Reuben, Stewart"]
[PlyCount "93"]
[EventDate "1982.07.13"]
[EventType "tourn"]
[EventRounds "9"]
[EventCountry "ENG"]
[EventCategory "5"]

{Nigel shook off any ill-effects of yesterday's catasrophe extremely
effectively. The young Scot never equalised from the opening and was ground
down most efficiently.} 1. d4 g6 2. e4 Bg7 3. Nf3 d6 4. c3 Nd7 5. Bd3 e5 6. O-O
Ngf6 7. Re1 O-O 8. Bg5 h6 9. Bh4 c6 10. Nbd2 Qc7 11. Bf1 b6 12. Nc4 Bb7 13.
dxe5 dxe5 14. Qd6 Rac8 15. Rad1 Qxd6 16. Nxd6 Rc7 17. Nxb7 Rxb7 18. Nd2 Nc5 19.
f3 Nh5 20. Nc4 Rc7 21. Rd2 b5 22. Na5 Rfc8 23. Red1 Bf6 24. Bf2 Be7 25. g3 Nf6
26. Rc2 Rb8 27. a3 Na4 28. b3 Nb6 29. b4 Kg7 30. c4 bxc4 31. Bxc4 Nxc4 32. Nxc4
Rb5 33. Be1 Nd7 34. Bc3 Bf6 35. Rcd2 Nf8 36. Rd6 Ne6 37. Rd7 Rxd7 38. Rxd7 Nd4
39. Kf2 Rb8 40. f4 Nb5 41. Bxe5 Bxe5 42. Nxe5 Nxa3 43. Rxf7+ Kg8 44. Rxa7 Nb5
45. Rd7 Nc3 46. Rd4 Rb6 47. Rc4 1-0

[Event "Robert Silk Young Masters"]
[Site "London Barbican"]
[Date "1982.07.14"]
[Round "2"]
[White "Norris, Alan J"]
[Black "Conquest, Stuart"]
[Result "0-1"]
[WhiteElo "2280"]
[BlackElo "2275"]
[Annotator "Reuben, Stewart"]
[PlyCount "62"]
[EventDate "1982.07.13"]
[EventType "tourn"]
[EventRounds "9"]
[EventCountry "ENG"]
[EventCategory "5"]

{Stuart felt it should be very easy to equalize from such an innocuous openin.
But surely it is just a way of getting the game underway? 14 g4 seemd to be
ill-conceived, a discreet move such as f4 seemd to be called for, White is
pursuing the bishop pair at too great a cost. 26 Rf3 was a simple blunder,
Rad1 was much more satisfactory.} 1. d4 d5 2. Nf3 Nf6 3. g3 Bf5 4. Bg2 e6 5.
O-O Bd6 6. c4 c6 7. Qb3 Qc8 8. Nc3 O-O 9. Nh4 Bg4 10. f3 Bh5 11. e4 dxc4 12.
Qxc4 Be7 13. g4 Nfd7 14. Nf5 exf5 15. gxh5 Nb6 16. Qd3 Rd8 17. Be3 Na6 18. Qe2
f4 19. Bxf4 Rxd4 20. Be3 Rd8 21. h6 Qe6 22. Bxb6 axb6 23. hxg7 Kxg7 24. f4 Kh8
25. Kh1 Nc5 26. Rf3 Nb3 27. Bh3 Qh6 28. Rd1 Nd4 29. Rxd4 Rxd4 30. Bf5 Qh5 31.
Qf2 Rd2 0-1

[Event "Robert Silk Young Masters"]
[Site "London Barbican"]
[Date "1982.07.14"]
[Round "2"]
[White "Rogulj, Branko"]
[Black "Cox, John J"]
[Result "0-1"]
[WhiteElo "2400"]
[BlackElo "2300"]
[Annotator "Reuben, Stewart"]
[PlyCount "82"]
[EventDate "1982.07.13"]
[EventType "tourn"]
[EventRounds "9"]
[EventCountry "ENG"]
[EventCategory "5"]

{John Cox seems to have an extremely cavalier attitude towards pieces. So far
in this tournament, his results have justified this atitude. Surely the piece
must have been better than the 3 pawns initially? Still, yet another
uncompromising struggle and also a great rarity in master chess, a round with
all games having positive results.} 1. e4 e6 2. d4 d5 3. Nc3 Nf6 4. e5 Nfd7 5.
f4 c5 6. Nf3 Nc6 7. Be3 Qb6 8. Na4 Qa5+ 9. c3 cxd4 10. b4 Nxb4 11. cxb4 Bxb4+
12. Bd2 Bxd2+ 13. Nxd2 f6 14. exf6 Nxf6 15. Bd3 Bd7 16. Nb2 Qc3 17. Rb1 Ne4 18.
Qh5+ g6 19. Qe2 O-O 20. Nd1 Qa5 21. Bxe4 dxe4 22. O-O e3 23. Rxb7 Qd5 24. Rxd7
Qxd7 25. Nc4 Rac8 26. Ndb2 Qd5 27. Qd3 Rc7 28. h4 Rfc8 29. Rc1 Rb8 30. Rd1 Rb4
31. Nxe3 dxe3 32. Qxe3 Qe4 33. Rd8+ Kg7 34. Qxe4 Rxe4 35. Nd3 Re2 36. Ne5 Rxa2
37. Re8 Rcc2 38. Re7+ Kg8 39. Re8+ Kg7 40. Re7+ Kf8 41. Rxh7 Rxg2+ 0-1

[Event "Robert Silk Young Masters"]
[Site "London Barbican"]
[Date "1982.07.14"]
[Round "2"]
[White "Taulbut, Shaun M"]
[Black "Hebden, Mark L"]
[Result "1-0"]
[WhiteElo "2465"]
[BlackElo "2415"]
[Annotator "Reuben, Stewart"]
[PlyCount "97"]
[EventDate "1982.07.13"]
[EventType "tourn"]
[EventRounds "9"]
[EventCountry "ENG"]
[EventCategory "5"]

{Mark likes clear-cut attacking positions, and is relatively ill at ease when
he has little to do. Shaun achieved this type of game and duly reaped the
rewards 26...Ba8 sacrificing the exchange after 27 c5 looks better. When
material down, it is not uaually best to swap pieces but 39...Qxe1 lands White
in an endgame that looks very drawish. It seems imposssible to push the b-pawn
past b6 without using the bishop - and that would weaken the kingside
excessively.} 1. d4 Nf6 2. Nf3 g6 3. Bf4 Bg7 4. e3 d6 5. h3 O-O 6. Be2 c5 7. c3
b6 8. O-O Bb7 9. Nbd2 Nbd7 10. Bh2 Rc8 11. a4 cxd4 12. exd4 Nd5 13. Re1 Bh6 14.
Bf1 Nf4 15. Nc4 Nf6 16. Ne3 N4d5 17. Nc2 e6 18. a5 bxa5 19. Na3 Ne8 20. Nc4 Nb6
21. Nxa5 Bd5 22. Nd2 Qe7 23. Ba6 Rc7 24. Ne4 f5 25. Nd2 Ng7 26. c4 Bxd2 27.
Qxd2 Nxc4 28. Nxc4 Bxc4 29. Qb4 Bd5 30. Bxd6 Qg5 31. Bf1 Rb7 32. Qc5 Rd8 33. b4
Ne8 34. Be5 Nf6 35. Rxa7 Nd7 36. Qa5 Rxa7 37. Qxa7 Nxe5 38. dxe5 Qd2 39. Qc7
Ra8 40. Rc1 Qxb4 41. Qd7 Qf8 42. Rc7 Qh6 43. Qf7+ Kh8 44. f4 Rf8 45. Qe7 Ra8
46. g3 Rb8 47. h4 Rf8 48. Bb5 Rb8 49. Be8 1-0

[Event "Robert Silk Young Masters"]
[Site "London Barbican"]
[Date "1982.07.14"]
[Round "2"]
[White "Tisdall, Jonathan D"]
[Black "Watson, William N"]
[Result "0-1"]
[WhiteElo "2435"]
[BlackElo "2370"]
[Annotator "Reuben, Stewart"]
[PlyCount "50"]
[EventDate "1982.07.13"]
[EventType "tourn"]
[EventRounds "9"]
[EventCountry "ENG"]
[EventCategory "5"]

{Willie sacrificed a pawn enterprisingly early on. Instead of letting the
Oxford undergraduate regain it, John Tisdall hung on grimly, rather than
develop. For example, 16 Be2 hoping to capitalise on the weak d-pawn is better
than the text.} 1. d4 g6 2. c4 Bg7 3. Nc3 d6 4. e4 Nc6 5. d5 Nd4 6. Be3 c5 7.
Nge2 Qb6 8. Na4 Qa5+ 9. Bd2 Qc7 10. Bc3 Nf6 11. Nxd4 cxd4 12. Bxd4 e5 13. dxe6
Bxe6 14. Rc1 Rc8 15. Nc3 O-O 16. b3 Qa5 17. Bd3 b5 18. cxb5 Qb4 19. Be2 Nxe4
20. Bxg7 Kxg7 21. a3 Qc5 22. Nxe4 Qxc1 23. O-O Qxd1 24. Rxd1 Bxb3 25. Ra1 d5
0-1

[Event "Robert Silk Young Masters"]
[Site "London Barbican"]
[Date "1982.07.15"]
[Round "3"]
[White "Conquest, Stuart"]
[Black "Tisdall, Jonathan D"]
[Result "1/2-1/2"]
[WhiteElo "2275"]
[BlackElo "2435"]
[Annotator "Reuben, Stewart"]
[PlyCount "106"]
[EventDate "1982.07.13"]
[EventType "tourn"]
[EventRounds "9"]
[EventCountry "ENG"]
[EventCategory "5"]

{After some considerable aimless wandering around, particularly by White,
Black obtained much he better game. Things progressed nicely for him, until in
time-trouble, he blundered with 36...Bd6. Correct is 36...Bc7, which would win
eventually.} 1. g3 e5 2. Bg2 Nf6 3. d3 Nc6 4. Nf3 d5 5. O-O Be7 6. c3 O-O 7.
Qc2 a5 8. a4 h6 9. e4 dxe4 10. dxe4 Be6 11. Nh4 Re8 12. Nf5 Bf8 13. Rd1 Qc8 14.
Nd2 Rd8 15. Re1 Nd7 16. Nb3 Nb6 17. Be3 Nc4 18. Nd2 Nxd2 19. Bxd2 Qd7 20. Rad1
Qd3 21. Qxd3 Rxd3 22. Bf1 Rdd8 23. Bc1 Bb3 24. Rxd8 Nxd8 25. Ne3 Bxa4 26. Nd5
Bd6 27. Be3 Bb3 28. f4 a4 29. fxe5 Bxe5 30. Bc5 Ne6 31. Ba3 Rd8 32. Ne3 Ng5 33.
Bg2 Rd2 34. Kf1 c6 35. Re2 Rd3 36. Ng4 Bd6 37. Nf2 Bc4 38. Nxd3 Bxa3 39. Rd2
Bxb2 40. Rxb2 Bxd3+ 41. Kf2 b5 42. e5 c5 43. h4 Ne6 44. Bf1 Bxf1 45. Kxf1 Nc7
46. Ke2 Kf8 47. Kd3 Ke7 48. Ke4 Ke6 49. Rd2 a3 50. Rd6+ Ke7 51. Rc6 Kd7 52.
Rd6+ Ke7 53. Rc6 Kd7 1/2-1/2

[Event "Robert Silk Young Masters"]
[Site "London Barbican"]
[Date "1982.07.15"]
[Round "3"]
[White "Cox, John J"]
[Black "Norris, Alan J"]
[Result "0-1"]
[WhiteElo "2300"]
[BlackElo "2280"]
[Annotator "Reuben, Stewart"]
[PlyCount "32"]
[EventDate "1982.07.13"]
[EventType "tourn"]
[EventRounds "9"]
[EventCountry "ENG"]
[EventCategory "5"]

{Without detracting from Alan's achievement, John played atrociously. 11 0-0
was essential. 12 h3 is most unappetizing, but the position was already far
gone. 20 minutes to find the 15th move?} 1. b3 e5 2. Bb2 d6 3. g3 g6 4. Bg2 Bg7
5. e4 Nc6 6. Ne2 Nge7 7. d4 O-O 8. d5 Nb8 9. Nd2 Nd7 10. f4 f5 11. c4 Nf6 12.
h3 fxe4 13. Nxe4 Nf5 14. Qd3 exf4 15. gxf4 Nxe4 16. Bxg7 Qh4+ 0-1

[Event "Robert Silk Young Masters"]
[Site "London Barbican"]
[Date "1982.07.15"]
[Round "3"]
[White "Hebden, Mark L"]
[Black "Davies, Nigel Rodney"]
[Result "1-0"]
[WhiteElo "2415"]
[BlackElo "2410"]
[Annotator "Reuben, Stewart"]
[PlyCount "95"]
[EventDate "1982.07.13"]
[EventType "tourn"]
[EventRounds "9"]
[EventCountry "ENG"]
[EventCategory "5"]

{White's opening leaves a great deal to be desired. 10 f4 was extremely
premature. The second game in a row in which White has left his kingside
under-developed. In fact it has been a feature of his tournament so far that
Black has been coming out of the opening exceptionally well. This has been
commented on regarding British chess before. Black's atttractive pawn
sacrifice did not appear to lead anywhere. 17...Qe7 looks better, answering 18
d6 with 18...Bxc3. At least Black can equalize fully then. White did well not
to try to hand on to his extra pawn with 26 dxc6 as then the bishops become
extremely strong. Black seemed to haed blithely or a bishops of opposite
colour ending which was extremely difficult for him. It is not clear whether
he could have held it but there was some time wasted in the move in the late
30s. One revealing comment by Mark Hebden when Nigel Davies was examining one
onvoluted line: "Oh, I only looked at the variation we actually played". But
46...f5 was the last straw, fixing the pawn on a white square. A much-flawed
but interesting game.} 1. e4 g6 2. Nc3 Bg7 3. d4 d6 4. Nge2 a6 5. a4 Nc6 6. Be3
e5 7. h3 Nge7 8. dxe5 Nxe5 9. Nd4 O-O 10. f4 N5c6 11. Bc4 d5 12. exd5 Nxd4 13.
Bxd4 Nf5 14. Bf2 Re8+ 15. Kf1 Ne3+ 16. Bxe3 Rxe3 17. Qd2 Re8 18. Re1 Rxe1+ 19.
Kxe1 b5 20. Bb3 b4 21. Nd1 Qh4+ 22. Qf2 Qe7+ 23. Kd2 Bb7 24. Kc1 Qd6 25. Qf3 c6
26. Nf2 cxd5 27. Re1 a5 28. Nd3 Rd8 29. Qe2 Ba6 30. Qe7 Qxe7 31. Rxe7 Bxd3 32.
cxd3 Bd4 33. Kb1 Rd6 34. Re8+ Kg7 35. Ra8 Re6 36. Bxd5 Re2 37. b3 Bc3 38. d4
Rd2 39. Rxa5 Bxd4 40. Rb5 Bc3 41. a5 Rb2+ 42. Kc1 Ra2 43. Bb7 Kf6 44. a6 Ke7
45. Rd5 Ke6 46. g4 f5 47. gxf5+ gxf5 48. Rb5 1-0

[Event "Robert Silk Young Masters"]
[Site "London Barbican"]
[Date "1982.07.15"]
[Round "3"]
[White "Motwani, Paul"]
[Black "Rogulj, Branko"]
[Result "1-0"]
[WhiteElo "2255"]
[BlackElo "2400"]
[Annotator "Reuben, Stewart"]
[PlyCount "73"]
[EventDate "1982.07.13"]
[EventType "tourn"]
[EventRounds "9"]
[EventCountry "ENG"]
[EventCategory "5"]

{Perhaps 10...Bg4 followed by Nd7 is a little more accurate. The first pawn
sacrifice with 12...c4 may be sound, but then Black's queenside became too
weak so that more pawns had to be shed. There was never enough play on the
queenside to justify this.} 1. d4 Nf6 2. c4 c5 3. d5 e6 4. Nc3 exd5 5. cxd5 d6
6. e4 g6 7. Nf3 Bg7 8. Be2 O-O 9. O-O Re8 10. Qc2 Na6 11. Re1 Bg4 12. Bf4 c4
13. Bxc4 Bxf3 14. gxf3 Nh5 15. Bg3 Be5 16. Bxa6 bxa6 17. Qd3 Qf6 18. Ne2 Bxb2
19. Rab1 Be5 20. Rb7 Rec8 21. Kg2 g5 22. Qxa6 Rc2 23. Rxa7 Rac8 24. Ra8 Rxa8
25. Qxa8+ Kg7 26. Qa4 Rb2 27. Qc4 Kh6 28. a4 Rb8 29. a5 Nf4+ 30. Bxf4 gxf4 31.
Qc7 Rb3 32. Qc8 Qg6+ 33. Kh1 Rxf3 34. Rg1 Rg3 35. Nxg3 fxg3 36. Qh3+ Kg7 37.
Rxg3 1-0

[Event "Robert Silk Young Masters"]
[Site "London Barbican"]
[Date "1982.07.15"]
[Round "3"]
[White "Watson, William N"]
[Black "Taulbut, Shaun M"]
[Result "1/2-1/2"]
[WhiteElo "2370"]
[BlackElo "2465"]
[Annotator "Reuben, Stewart"]
[PlyCount "22"]
[EventDate "1982.07.13"]
[EventType "tourn"]
[EventRounds "9"]
[EventCountry "ENG"]
[EventCategory "5"]

{Perhaps better subtitled "How not to influence people and win friends". I
suppose Shaun Taulbut should be applauded for equalizing so completely in 11
moves.} 1. e4 e5 2. Nc3 Nf6 3. g3 Bc5 4. Bg2 Nc6 5. d3 a6 6. h3 d6 7. Nge2 Be6
8. Nd5 Nd4 9. Nxd4 Bxd4 10. c3 Ba7 11. Bg5 Bxd5 1/2-1/2

[Event "Robert Silk Young Masters"]
[Site "London Barbican"]
[Date "1982.07.16"]
[Round "4"]
[White "Conquest, Stuart"]
[Black "Cox, John J"]
[Result "0-1"]
[WhiteElo "2275"]
[BlackElo "2300"]
[Annotator "Reuben, Stewart"]
[PlyCount "80"]
[EventDate "1982.07.13"]
[EventType "tourn"]
[EventRounds "9"]
[EventCountry "ENG"]
[EventCategory "5"]

{Both players took a considerable amount of time reaching the position where
Conquest was able to play his TN on move 20. Play was reasonably evenly
balanced until move 32, when best must have been 32 f4. The game would then be
decided around whether Black could increase his bishop's scope by playing c5.
Stuart simply overlooked that the b2 pawn was en prise.} 1. d4 Nf6 2. c4 e6 3.
g3 d5 4. Bg2 dxc4 5. Nf3 a6 6. O-O b5 7. Ne5 Nd5 8. Nc3 Bb7 9. Nxd5 exd5 10. e4
dxe4 11. Qh5 g6 12. Nxg6 fxg6 13. Qe5+ Qe7 14. Qxh8 Nd7 15. Bh3 Nf6 16. Bg5 Kf7
17. Bxf6 Qxf6 18. Qxf6+ Kxf6 19. a4 Ke7 20. Bg2 Kd6 21. Rfe1 Re8 22. axb5 axb5
23. Ra7 Bd5 24. Ra6+ c6 25. Ra7 h5 26. Kf1 Bh6 27. Bh3 Be6 28. Bxe6 Rxe6 29.
Ke2 Bg5 30. Rd1 Bf6 31. f3 Re8 32. d5 exf3+ 33. Kxf3 Bxb2 34. Ra6 Rc8 35. dxc6+
Kc5 36. Ke4 Re8+ 37. Kf3 Rc8 38. Ke4 Re8+ 39. Kf3 c3 40. c7 Rc8 0-1